000 00607 a2200193 4500
999 _c183073
_d183073
005 20211216120625.0
010 _aENG-130345
020 _c980.00
_a978-93-83445-49-3
035 _aEN-113877
037 _bDBAD / PUB
082 _a327.54058
245 _aIndia-Centra Asia Relations The Road Ahead:
_cEdited by Athar Zafar
250 _a2021
260 _bKW Publishers Pvt Ltd
_c2021
_aNew Delhi
270 _bNew Delhi
_a4676/21, First Floor, Ansari Road, Daryaganj
_e110002
300 _axi, 184p.
_c24cm (hbk)
700 _aZafar, Athar
942 _adpl
_cEN
_2ddc
_h327.54058
_mIND